Jesses by Picture - Statistics

General Stats
  • This quiz has been taken 27 times
  • The average score is 6 of 9
Answer Stats
Picture Answer % Correct
Jesse Owens
88%
Jesse Eisenberg
79%
Jessica Alba
75%
Jessica Rabbit
75%
Jesse James
58%
Jesse Jackson
54%
Jesse Ventura
54%
Jessica Simpson
46%
Jessica Chastain
38%
No matching quizzes found
Score Distribution
Percent of People with Each Score
Percentile by Number Answered
Your Score History
You have not taken this quiz